000 00449nam a22001577a 4500
003 OSt
008 230221b |||||||| |||| 00| 0 eng d
041 _amal
082 _a894.812 3
_bSHO/UZ
100 _aSholokhove, Mikhail
_95374
245 _aUzhuthumaricha kannimannu
_bഉഴുതുമറിച്ച കന്നിമണ്ണ്
250 _a2nd
260 _aThiruvananthapuran
_bChintha Publishers
_c2021
300 _a336
942 _cBK
999 _c17617
_d17617